Tâm lý học xã hội

Spremljeno u:
Bibliografski detalji
Format: Knjiga
Izdano: 1998
Oznake: Dodaj oznaku
Bez oznaka, Budi prvi tko označuje ovaj zapis!
Thư viện lưu trữ: Mạng thư viện Đại học Đà Nẵng
LEADER 00444nam a22001811a 4500
001 000039148
003 15443
005 20160412021924.0
008 160412s1998 000
082 |a 4V(TK)736-37 
245 |a Tâm lý học xã hội  |c Nguyễn Đình Chính 
260 |c 1998 
OWN |a LNN 
999 |a From the UDN01 
TYP |a Monograph 
980 |a Mạng thư viện Đại học Đà Nẵng